Top 10 Largest Cities in Africa - Sudden Death - Statistics

General Stats
  • This quiz has been taken 52 times
  • The average score is 2 of 10
Answers on the Grid
Answers color-coded by a green-red scale on the quiz's grid according to % correct below.
Lagos
Kinshasa
Cairo
Alexandria
Abidjan
Kano
Ibadan
Cape Town
Casablanca
Durban
Luanda
Addis Ababa
Nairobi
Dar es Salaam
Mogadishu
Dakar
Giza
Johannesburg
Algiers
Khartoum
Accra
Camayenne
Conakry
Soweto
Rabat
 
Answer Stats
Answer % Correct
Cairo
66%
Lagos
46%
Kinshasa
40%
Alexandria
20%
Abidjan
9%
Cape Town
6%
Casablanca
6%
Durban
0%
Ibadan
0%
Kano
0%
No matching quizzes found
Score Distribution
Percent of People with Each Score
Percentile by Number Answered
Your Score History
You have not taken this quiz